Представление документа в формате RUSMARC

ПолеНазваниеЗначение
  Тип записи a
  Библиографический уровень a
001 Контрольный номер 8136adb22bfe4966b14f7b3a1fe15edb
005 Дата корректировки 20140506180913.4
200 Заглавие и сведения об ответственности __
a Заглавие Концепция управления национальным имуществом: Научный доклад на заседании президиума Российской Академии Наук
461 Уровень набора _0
1 2001
a Экономическая наука современной России: Экспресс-выпуск
463 Уровень физической единицы _0
1 200
v С.5-24
1 210
d 2002. - №2(9)
610 Ключевые слова __
a Ключевые слова национальное имущество;управление;рентные платежи;дивидент социальный;доход рентный
686 Индексы других классификаций __
a Классификационный индекс 65.050
700 Автор __
a Фамилия Львов
b Имя Д.С.
901 Тип документа __
t Тип документа b
938 Служебная информация __
a Название организации Волгоградский филиал
b Имя БД Статьи ВКИ
c Название АИБС АИБС МАРК-SQL